Представление документа в формате RUSMARC

ПолеНазваниеЗначение
  Тип записи a
  Библиографический уровень m
001 Контрольный номер SKBR/6f3c10c4-0b9c-42e6-9c02-578291876dad
005 Дата корректировки 20231215113319.0
010 Индекс ISBN __
a ISBN 978-5-271-39923-7
b Уточнения в пер.
9 Тираж 5000 экз.
d Цена 250-00
021 № государственной регистрации __
a Код страны RU
b № документа 2012-14474
9 № листа государственной регистрации 1087
021 № государственной регистрации __
a Код страны RU
b № документа 2012-14474
035 Другие системные номера __
a Идентификатор записи RU\NLR\bibl\1882468
100 Данные общей обработки __
a Данные общей обработки 20120320d2012 mk y0rusy028902 ca
101 Язык документа 1_
a Язык текста rus
c Язык оригинала eng
102 Страна публикации __
a Страна публикации RU
105 Кодированные данные (монография) __
a Кодированные данные (монография) c z 000yy
181 Поле кодированных данных: вид содержания _0
a Код вида содержания (ISBD) i
182 Поле кодированных данных: тип средства _0
a Код типа средства (ISBD) n
200 Заглавие и сведения об ответственности 1_
a Заглавие Вы находитесь здесь
e Сведения, относящиеся к заглавию карманная история вселенной
f Первые сведения об ответственности Кристофер Поттер
g Последующие сведения об ответственности перевод с английского Николая Охотина
203 Вид содержания и тип средства __
a Вид содержания Текст
c Тип средства непосредственный
210 Выходные данные 1_
a Место издания Москва
c Издательство Астрель
c Издательство Corpus
d Дата издания 2012
215 Физическое описание __
a Объем 414, [1] с.
d Формат 21 см
c Иллюстрации/тип воспроизводства портр.
225 Серия 2_
a Серия Corpus
v Обозначение тома 146
320 Библиография __
a Библиография Библиография: с. 386-392
320 Библиография __
a Библиография Предметный указатель в конце книги
330 Аннотация __
a Аннотация В детстве Кристофер Поттер любил называть свой полный космический адрес: Кристофер Поттер, 225, Рашгрин-роуд, Лим, графство Чешир, Англия, Соединенное Королевство, Мир, Солнечная система, Галактика. И, как все дети, осознавал, что вселенная - странное место. Что находится за пределами вселенной? Если вселенная содержит в себе все сущее, то в чем находится она сама? Веками ученые смело всматривались во вселенную, будучи вооружены лишь часами и линейкой. С этими магическими амулетами в руках и мы можем проследовать по той же дороге, не слишком осторожничая, но и не поддаваясь безумию. Раскрыть тайны вселенной - что может быть интереснее?
454 Оригинал _0
1 2001
a You are here
e a portable history of the Universe
1 700 1
a Potter
b C.
g Christopher
4 070
540 Дополнительное заглавие, сделанное каталогизатором 10
a Дополнительное заглавие, сделанное каталогизатором Карманная история вселенной
606 Тематические рубрики 1_
a Основная рубрика Астрономия
2 Код системы nlr_sh
606 Тематические рубрики __
2 Код системы nlr_sh
a Основная рубрика Астрофизика
610 Ключевые слова 0_
a Ключевые слова космология
610 Ключевые слова 0_
a Ключевые слова Вселенная
610 Ключевые слова 0_
a Ключевые слова тайны Вселенной
610 Ключевые слова 0_
a Ключевые слова история Вселенной
610 Ключевые слова 0_
a Ключевые слова модели Вселенной
610 Ключевые слова 0_
a Ключевые слова устройство Вселенной
610 Ключевые слова 0_
a Ключевые слова мироздание
610 Ключевые слова 0_
a Ключевые слова время
610 Ключевые слова 0_
a Ключевые слова пространство
610 Ключевые слова 0_
a Ключевые слова галактики
610 Ключевые слова 0_
a Ключевые слова возникновение жизни
610 Ключевые слова 0_
a Ключевые слова квантовая теория
610 Ключевые слова 0_
a Ключевые слова антропологические исследования
686 Индексы других классификаций __
a Классификационный индекс 22.637.6
2 Код системы rubbks
700 Автор _1
a Фамилия Поттер
b Имя К.
g Полное личное имя Кристофер
4 Код отношения 070
f Даты 1959-
702 Вторичная интеллектуальная ответственность _1
a Фамилия Охотин
b Имя Н.
g Полное личное имя Николай
4 Код отношения 730
801 Источник записи _0
a Страна RU
b Организация NLR
c Дата составления 20120320
g Правила каталогизации PSBO
801 Источник записи _1
a Страна RU
b Организация NLR
c Дата составления 20120320
g Правила каталогизации PSBO
801 Источник записи _2
a Страна RU
b Организация NLR
c Дата составления 20171010
2 Код формата rusmarc
g Правила каталогизации PSBO
852 Данные о местонахождении __
i Авторский знак П 64
j Шифр хранения 22.637.6
900 Макрообъекты __
a Макрообъекты Вы находитесь здесь. Поттер, К., 2012
901 Тип документа __
a Ответственный ООФиК/Волкова
t Тип документа m
903 Характеристики (МАРС) __
a Дата передачи 20230505
c Наименование библиотеки (МАРС) Муниципальное бюджетное учреждение культуры "Централизованная библиотечная система" г. Сургут (Центральная городская библиотека им. А. С. Пушкина)
990 Данные о заказе (DOS) __
j Количество экземпляров (DOS) 1
t N записи в КСУ для И/У (DOS) 202305